| 000 | 01338cam a22003614a 4500 | ||
|---|---|---|---|
| 001 | 2003708997 | ||
| 005 | 20240305165646.0 | ||
| 006 | m o d | ||
| 007 | cr un ---uuuua | ||
| 008 | 031223s2003 jm ob i001 0 eng d | ||
| 010 | _a 2003708997 | ||
| 020 | _a9766371660 | ||
| 035 | _a37611 | ||
| 040 |
_aUtOrBLW _beng _erda _cUtOrBLW |
||
| 042 | _apcc | ||
| 043 | _acc----- | ||
| 050 | 0 | 0 |
_aHQ1525.4 _b.G46 2003 |
| 082 | 0 | 4 |
_a305.409729 _223 |
| 090 |
_c14288 _d14288 |
||
| 245 | 0 | 0 |
_aGender equality in the Caribbean : _breality or illusion / _cedited by Gemma Tang Nain and Barbara Bailey. |
| 300 | _a1 online resource (xxiv, 247 pages) | ||
| 500 | _a"A publication of the CARICOM Secretariat in collaboration with the UNIFEM Caribbean Office." | ||
| 504 | _aIncludes bibliographical references and index. | ||
| 650 | 0 |
_aWomen _zCaribbean, English-speaking _xSocial conditions. |
|
| 650 | 0 |
_aWomen _zCaribbean, English-speaking _xEconomic conditions. |
|
| 650 | 0 |
_aSex discrimination against women _zCaribbean, English-speaking. |
|
| 700 | 1 | _aNain, Gemma Tang. | |
| 700 | 1 |
_aBailey, Barbara _q(Barbara Evelyn) |
|
| 710 | 2 |
_aCaribbean Community. _bSecretariat. |
|
| 710 | 2 |
_aUnited Nations Development Fund for Women. _bCaribbean Office. |
|
| 856 | 4 | 0 | _uhttps://app.vlex.com/#/sources/37611 |
| 942 | _cRAA | ||
| 999 |
_c172474 _d172474 |
||